| 000 | 00578nam a2200229Ia 4500 | ||
|---|---|---|---|
| 008 | 160803s9999 xx 000 0 und d | ||
| 020 | _a9780060843502 | ||
| 100 | _aParish, Herman | ||
| 245 | _aAmelia Bedelia and the cat / | ||
| 245 | _cby Herman Parish ; pictures by Lynn Sweat. | ||
| 260 | _aNew York : | ||
| 260 | _bScholastic Inc. | ||
| 260 | _c2008 | ||
| 300 | _a48 pages : | ||
| 300 | _bcolor illustrations ; | ||
| 300 | _c24 cm. | ||
| 440 | _aI can read. | ||
| 650 | _aCats -- | ||
| 650 | _aHumorous stories. | ||
| 650 | _xFiction. | ||
| 700 | _a400 | ||
| 999 |
_c299482 _d299482 |
||